000 00646nam0a22002171 4500
001 v19\rc\2056292
005 20250620023402.0
035 _a(NLR Aleph) 005133693
090 _a4734220
_c4734220
100 _a20081111d1908 |||y0rusy50 ca
101 1 _arus
_cger
102 _aRU
105 _ay z |||||
200 1 _aОна украла
_fПер. с нем. Пролетария
210 _aСанкт-Петербург
_d[1908]
316 _aЭкземпляр РНБ (34.84.3.872): утрачен
_5NLR: 34.84.3.872
801 0 _aRU
_bNLR
_gpsbo
801 1 _aRU
_bProSoft-M
_2rusmarc
852 _aNLR
_j34.84.3.872
942 _cBOOK
980 _aNB